| 000 | 00394nam a2200157Ia 4500 | ||
|---|---|---|---|
| 003 | GCL | ||
| 008 | 140319s9999 xx 000 0 eng d | ||
| 040 |
_aGCL / _cGCL |
||
| 082 | 0 | 4 |
_a778.3 _bF N |
| 100 | 1 | _aFEININGER, ANDREAS | |
| 245 | 1 | 0 |
_aNATURE IN MINIATURE / _cFEININGER, ANDREAS |
| 260 |
_a[S.N] : _bTHAMES AND HUDSON ، _c1989 |
||
| 300 | _a142 | ||
| 650 | 0 | 4 | _aNATURE |
| 942 |
_2ddc _cBK |
||
| 999 |
_c24161 _d24161 |
||